| 000 | 01352nam0a2200325 4500 | ||
|---|---|---|---|
| 001 | RU\NLR\bibl\1155769 | ||
| 005 | 20260405153214.0 | ||
| 010 |
_a978-5-373-00713-9 _97000 |
||
| 021 |
_aRU _b2007-70011 _93761 |
||
| 035 | _a(NLR Aleph) 001142545 | ||
| 090 |
_a1426908 _c1426908 |
||
| 100 | _a20071116d2007 |||y0rusy50 ca | ||
| 101 | 0 | _arus | |
| 102 | _aRU | ||
| 105 | _aa ||||||||| | ||
| 200 | 1 |
_aИстория России _e[для детей младшего и среднего школьного возраста] _fСергей Шокарев _g[худож. Андрей Кузнецов] _gОЛМА медиагрупп |
|
| 210 |
_aМосква _cОЛМА Медиа Групп _cОЛМА-ПРЕСС _d2007 |
||
| 215 |
_a95 с. _cцв. ил. _d31 |
||
| 225 | 1 | _aМоя страна | |
| 607 |
_aРоссия _xИстория _xДетская литература _92434085 _3RU\NLR\auth\661448560 |
||
| 686 |
_aШ9 _bТ3(2) |
||
| 700 | 1 |
_aШокарев _bС. Ю. _gСергей Юрьевич _4070 |
|
| 702 | 1 |
_4040 _8rus _7ca _aКузнецов _bА. М. _cхудожник-иллюстратор _f1961- _gАндрей Михайлович _3RU\NLR\AUTH\7764220 _947149 |
|
| 801 | 0 |
_aRU _bNLR _c20071116 _gRCR |
|
| 801 | 1 |
_aRU _bNLR _c20071116 |
|
| 830 | _aавт7 по кн. | ||
| 942 | _cBOOK | ||
| 980 | _aNB | ||